[Event "It (open)"]
[Site "masterchessopen.com Karpacz (Poland)"]
[Date "2010.02.23"]
[Round "2"]
[White "Prominski Piotr (POL)"]
[Black "Maruszczak Joanna (POL)"]
[Result "1-0"]
[WhiteElo "1790"]
[BlackElo "1738"]

1.e4 c5 2.Nf3 Nc6 3.d4 cxd4 4.Nxd4 g6 5.c4 Bg7 6.Be3 Nf6 7.Nc3 Ng4 8.Qxg4 Nxd4
9.O-O-O Nc6 10.Nd5 O-O 11.Be2 d6 12.Qg3 Qa5 13.Kb1 Be6 14.h4 Rac8 15.h5 Rfe8
16.hxg6 fxg6 17.Qh4 Bxd5 18.Qxh7+ Kf8 19.Bh6 Bxe4+ 20.Ka1 {#r} 1-0

[Event "Ch Moscow (1/2 final)"]
[Site "masterchessopen.com Moscow (Russia)"]
[Date "2010.03.06"]
[Round "1"]
[White "Stukopin Andrey (RUS)"]
[Black "Nastashuk Stanislav (RUS)"]
[Result "1-0"]
[WhiteElo "2458"]
[BlackElo "2053"]

1.Nf3 c5 2.e4 Nc6 3.d4 cxd4 4.Nxd4 g6 5.c4 Bg7 6.Be3 Nf6 7.Nc3 Ng4 8.Qxg4 Nxd4
9.Qd1 Ne6 10.Qd2 Qa5 11.Rc1 b6 12.Be2 Bb7 13.f3 f5 14.exf5 gxf5 15.O-O Rg8
16.Rfd1 d6 17.Nd5 Qxd2 18.Rxd2 Rc8 19.Re1 Be5 20.Bd3 Nd4 21.Kf1 Bxd5 22.cxd5
Rc5 23.b4 Rxd5 24.Bc4 Nxf3 25.gxf3 Rxd2 26.Bxd2 Rg6 27.f4 Bd4 28.Be6 Rg1+
29.Ke2 Rg2+ 30.Kd3 Rxh2 31.Kxd4 Rxd2+ 32.Ke3 Rb2 33.Rc1 {#r} 1-0

[Event "Ch Moscow (1/2 final)"]
[Site "masterchessopen.com Moscow (Russia)"]
[Date "2010.03.13"]
[Round "5"]
[White "Alagulian Kamo (RUS)"]
[Black "Kan Yuri (RUS)"]
[Result "1-0"]
[WhiteElo "2297"]
[BlackElo "2033"]

1.e4 c5 2.Nf3 Nc6 3.d4 cxd4 4.Nxd4 g6 5.c4 Bg7 6.Be3 Nf6 7.Nc3 Ng4 8.Qxg4 Nxd4
9.Qd1 Ne6 10.Qd2 Qa5 11.Rc1 g5 12.Be2 Be5 13.O-O d6 14.Rfd1 Nf4 15.Nd5 Qxd2
16.Rxd2 Nxd5 17.cxd5 g4 18.Rdc2 Kd8 19.Bxa7 Bd7 20.Bb6+ Ke8 21.Rc7 e6 22.Rxb7
exd5 23.exd5 Bxb2 24.Rcc7 Bc8 25.Re7+ Kf8 26.Rxf7+ Kg8 27.Ra7 Rb8 28.Be3 h5
29.Bd3 Be5 30.Rfe7 Kf8 31.Bg6 h4 32.Re8# 1-0

[Event "Ch City"]
[Site "masterchessopen.com Kemerovo (Russia)"]
[Date "2010.03.20"]
[Round "8"]
[White "Fanaskov Artem (RUS)"]
[Black "Noskov Dmitriy (RUS)"]
[Result "0-1"]
[WhiteElo "2037"]
[BlackElo "2015"]

1.d4 Nf6 2.c4 c5 3.Nf3 cxd4 4.Nxd4 Nc6 5.Nc3 g6 6.e4 Bg7 7.Be3 Ng4 8.Qxg4 Nxd4
9.Qd1 Ne6 10.Bd3 d6 11.O-O Bd7 12.Rc1 g5 13.Qd2 Qa5 14.a3 Qe5 15.Nd5 Qxb2
16.Qa5 Bc6 17.c5 dxc5 18.Bxc5 b6 19.Bxb6 axb6 20.Qxb6 Qxb6 21.Nxb6 Rxa3
22.Rfd1 Bb7 23.Bb5+ Kf8 24.Rd7 Bb2 25.Rb1 Nc5 26.Rd8+ Kg7 27.Rxh8 Kxh8 28.Nc4
Ra1 {#R} 0-1

[Event "Memorial Gerenski (open)"]
[Site "masterchessopen.com Sofia (Bulgaria)"]
[Date "2010.03.25"]
[Round "6"]
[White "Orev Petar (BUL)"]
[Black "Nenov Radoslav (BUL)"]
[Result "1-0"]
[WhiteElo "2224"]
[BlackElo "2103"]

1.e4 c5 2.c4 Nc6 3.Ne2 g6 4.d4 cxd4 5.Nxd4 Bg7 6.Be3 Nf6 7.Nc3 Ng4 8.Qxg4 Nxd4
9.Qd1 Nc6 10.Qd2 d6 11.Be2 Be6 12.O-O O-O 13.Rac1 f5 14.exf5 Bxf5 15.Rfd1 Be6
16.Nd5 Rf7 17.Nf4 Qc8 18.Nxe6 Qxe6 19.c5 d5 20.Qxd5 Qxd5 21.Rxd5 e6 22.Rd2 Nb4
23.Bc4 Re7 24.Bg5 Ree8 25.Re1 h6 26.Rxe6 Rxe6 27.Bxe6+ Kh7 28.Be3 Re8 29.Bc4
Nc6 30.Kf1 h5 31.h3 {#r} 1-0

[Event "It (open)"]
[Site "masterchessopen.com Belo Horizonte (Brazil)"]
[Date "2010.06.06"]
[Round "7"]
[White "Campos Igor Ribeiro (BRA)"]
[Black "Matsuura Everaldo (BRA)"]
[Result "0-1"]
[WhiteElo "2167"]
[BlackElo "2484"]

1.e4 c5 2.Nf3 Nc6 3.d4 cxd4 4.Nxd4 g6 5.c4 Bg7 6.Be3 Nf6 7.Nc3 Ng4 8.Qxg4 Nxd4
9.Qd1 Ne6 10.Qd2 Qa5 11.Be2 Bxc3 12.bxc3 d6 13.O-O Bd7 14.f4 Bc6 15.f5 Nc5
16.Qd4 f6 17.e5 fxe5 18.Qh4 O-O-O 19.fxg6 hxg6 20.Qxe7 Qxc3 21.Bxc5 dxc5
22.Bg4+ Kb8 23.Rad1 Qe3+ 24.Kh1 Rxd1 25.Rxd1 a6 26.Qf6 Rh7 27.Rf1 Qg3 28.Qd6+
Ka7 29.Qxc5+ b6 {#R} 0-1

[Event "It (open) \"]
[Site "masterchessopen.com St. Petersburg (Russia)"]
[Date "2010.06.21"]
[Round "6"]
[White "Paramzina Anastasya (RUS)"]
[Black "Mikhailov Ivan (RUS)"]
[Result "0-1"]
[WhiteElo "1830"]
[BlackElo "1974"]

1.e4 c5 2.Nf3 Nc6 3.d4 cxd4 4.Nxd4 g6 5.c4 Bg7 6.Be3 Nf6 7.Nc3 Ng4 8.Qxg4 Nxd4
9.Qd1 Ne6 10.Be2 Bxc3+ 11.bxc3 Qa5 12.Qd2 d6 13.O-O O-O 14.f4 Nc5 15.Bf3 Be6
16.Qd4 f6 17.Be2 Bf7 18.e5 Ne6 19.Qd2 dxe5 20.f5 Nc5 21.fxg6 hxg6 22.Qe1 Kg7
23.Rb1 b6 24.Qc1 Rh8 25.a3 Rac8 26.Rd1 Be6 27.Rb5 Qa6 28.Kh1 Rh4 29.Qd2 Rch8
{#R} 0-1

[Event "It (open)"]
[Site "masterchessopen.com Znin (Poland)"]
[Date "2010.06.30"]
[Round "7"]
[White "Maksimenko Andrei (UKR)"]
[Black "Gajek Radoslaw (POL)"]
[Result "1-0"]
[WhiteElo "2544"]
[BlackElo "1930"]

1.Nf3 c5 2.c4 g6 3.d4 Bg7 4.e4 cxd4 5.Nxd4 Nc6 6.Be3 Nf6 7.Nc3 Ng4 8.Qxg4 Nxd4
9.Qd1 Ne6 10.Rc1 d6 11.b4 O-O 12.Be2 Bd7 13.O-O a5 14.a3 Bc6 15.b5 Bd7 16.Na4
Qc7 17.Bb6 Qc8 18.Qd2 Qb8 19.Be3 Qc7 20.Bb6 Qb8 21.f4 Bh6 22.g3 Be8 23.Be3 Qc7
24.Nb6 Rb8 25.Nd5 Qd7 26.Qxa5 Nc5 27.Qa7 Rd8 28.Bxc5 dxc5 29.Qxc5 Bg7 30.Rcd1
Kh8 31.Qxe7 Qxe7 32.Nxe7 Bd7 33.Nd5 Be6 34.e5 g5 35.Nf6 {#r} 1-0

[Event "It (open)"]
[Site "masterchessopen.com Oberwart (Austria)"]
[Date "2010.07.14"]
[Round "5"]
[White "Lintchevski Daniil (RUS)"]
[Black "Papp Tamas (HUN)"]
[Result "1-0"]
[WhiteElo "2528"]
[BlackElo "2316"]

1.Nf3 c5 2.c4 Nc6 3.d4 cxd4 4.Nxd4 g6 5.e4 Bg7 6.Be3 Nf6 7.Nc3 Ng4 8.Qxg4 Nxd4
9.Qd1 e5 10.Bd3 d6 11.O-O O-O 12.Qd2 Be6 13.Rfd1 Rc8 14.b3 a6 15.Rac1 Qa5
16.Ne2 Qxd2 17.Rxd2 Rfd8 18.Bg5 Rd7 19.Nxd4 exd4 20.f4 f5 21.Re1 Kf7 22.Rde2
Rcc7 23.Rf1 fxe4 24.Bxe4 d5 25.f5 gxf5 26.cxd5 Bxd5 27.Rxf5+ Kg6 {#r} 1-0

[Event "Memorial Karl Mala (open)"]
[Site "masterchessopen.com Frankfurt (Germany)"]
[Date "2010.07.17"]
[Round "3"]
[White "Bonk Andras (GER)"]
[Black "Czikuss Hans-Joachim (GER)"]
[Result "1-0"]
[WhiteElo "1859"]
[BlackElo "1951"]

1.e4 c5 2.Nf3 Nc6 3.d4 cxd4 4.Nxd4 g6 5.c4 Bg7 6.Be3 Nf6 7.Nc3 Ng4 8.Qxg4 Nxd4
9.Qd1 Ne6 10.Be2 Qa5 11.Rc1 d6 12.a3 Bd7 13.O-O Bc6 14.Bd3 Qd8 15.b4 b6 16.f4
Qd7 17.f5 Nc7 18.Qc2 Be5 19.Rcd1 gxf5 20.exf5 Rg8 21.Rd2 Rg4 22.c5 bxc5
23.bxc5 d5 24.Be2 Rg8 25.Bd4 Bxd4+ 26.Rxd4 e5 27.fxe6 Nxe6 28.Bg4 h5 29.Bh3
Qe7 30.Rxd5 Nxc5 31.Qf2 Ne6 32.Re5 Rc8 33.Ne4 Bxe4 34.Rxe4 Rc7 35.Rb4 {#r} 1-0

[Event "Cup Corporation \"]
[Site "masterchessopen.com Izhevsk (Russia)"]
[Date "2010.07.21"]
[Round "7"]
[White "Geller Jakov (RUS)"]
[Black "Terentjev Vladislav (RUS)"]
[Result "1-0"]
[WhiteElo "2544"]
[BlackElo "2358"]

1.c4 c5 2.Nf3 Nc6 3.d4 cxd4 4.Nxd4 g6 5.e4 Bg7 6.Be3 Nf6 7.Nc3 Ng4 8.Qxg4 Nxd4
9.Qd1 Ne6 10.Rc1 Qa5 11.Be2 b6 12.O-O Bb7 13.f3 d6 14.Rc2 O-O 15.Nd5 Rfe8
16.b3 Rac8 17.f4 f5 18.exf5 Bxd5 19.cxd5 Bd4 20.Bxd4 Rxc2 21.fxg6 h6 22.dxe6
Rd2 23.Qa1 Rxa2 24.Qe1 Qd2 25.Qxd2 Rxd2 26.Bb5 Rc8 27.Be3 Rb2 28.Bc4 b5 29.Bd5
a5 30.f5 Re2 31.Bxh6 Re5 32.f6 exf6 33.Rxf6 Rxd5 34.e7 {#r} 1-0

[Event "Ch Austria"]
[Site "masterchessopen.com Vienna (Austria)"]
[Date "2010.07.30"]
[Round "7"]
[White "Kleissl Helmut (AUT)"]
[Black "Fauland Alexander (AUT)"]
[Result "0-1"]
[WhiteElo "2300"]
[BlackElo "2436"]

1.Nf3 c5 2.c4 g6 3.e4 Bg7 4.d4 cxd4 5.Nxd4 Nc6 6.Be3 Nf6 7.Nc3 Ng4 8.Qxg4 Nxd4
9.Qd1 Ne6 10.Qd2 Qa5 11.Rc1 b6 12.Be2 Bb7 13.f3 g5 14.O-O Be5 15.Rfd1 Bc6
16.b3 Rg8 17.Nd5 Qa3 18.Nb4 Rd8 19.Nd3 Bd4 20.Bxd4 Nxd4 21.Bf1 d6 22.Nb4 e5
23.Nc2 Nxc2 24.Rxc2 Ke7 25.b4 Ba4 {#R} 0-1

[Event "It (open)"]
[Site "masterchessopen.com Liberec (Czech Republic)"]
[Round "4"]
[White "Novotny Viktor (CZE)"]
[Black "Peniska Pavel (CZE)"]
[Result "0-1"]
[WhiteElo "2076"]
[BlackElo "1959"]

1.e4 c5 2.Nf3 Nc6 3.d4 cxd4 4.Nxd4 g6 5.c4 Bg7 6.Be3 Nf6 7.Nc3 Ng4 8.Qxg4 Nxd4
9.Qd1 Ne6 10.Rc1 O-O 11.c5 Qa5 12.Qd5 Qb5 13.Qc4 Qxb2 14.Bd3 d6 15.O-O Nxc5
16.Bd4 Be6 {#R} 0-1

[Event "It (open)"]
[Site "masterchessopen.com Nikea (Greece)"]
[Date "2010.08.21"]
[Round "2"]
[White "Kokolias Konstantinos (GRE)"]
[Black "Raptakis Solon (GRE)"]
[Result "1-0"]
[WhiteElo "2213"]
[BlackElo "1973"]

1.e4 c5 2.Nf3 Nc6 3.d4 cxd4 4.Nxd4 g6 5.c4 Bg7 6.Be3 Nf6 7.Nc3 Ng4 8.Qxg4 Nxd4
9.Qd1 Ne6 10.Qd2 Qa5 11.Rc1 b6 12.Be2 Bb7 13.f3 d6 14.O-O Rc8 15.Rfd1 g5 16.b3
h5 17.Nd5 Qxd2 18.Bxd2 Kd7 19.Be3 Be5 20.b4 Nf4 21.Bf1 e6 22.Nc3 h4 23.Nb5 g4
24.Nxd6 {#r} 1-0

[Event "It (open)"]
[Site "masterchessopen.com Moehnesee (Germany)"]
[Date "2010.08.26"]
[Round "1"]
[White "Mladenov Svetlin (BUL)"]
[Black "Schier Jan (GER)"]
[Result "1-0"]
[WhiteElo "2436"]
[BlackElo "2031"]

1.e4 c5 2.Nf3 Nc6 3.d4 cxd4 4.Nxd4 g6 5.c4 Bg7 6.Be3 Nf6 7.Nc3 Ng4 8.Qxg4 Nxd4
9.Qd1 Ne6 10.Rc1 b6 11.Bd3 O-O 12.O-O Bb7 13.Qd2 Nd4 14.Bb1 e5 15.f4 d6 16.f5
b5 17.cxb5 d5 18.exd5 gxf5 19.Bxf5 Nxf5 20.Rxf5 Qd7 21.Rcf1 a6 22.Bh6 f6
23.Bxg7 Kxg7 24.bxa6 Rxa6 25.Rh5 f5 26.Qe3 e4 27.Rg5+ Rg6 28.Qd4+ Kg8 29.Nxe4
fxe4 30.Rxf8+ Kxf8 31.Qh8+ {#r} 1-0

[Event "Ch Europe (juniors) (under 14)"]
[Site "masterchessopen.com Batumi (Georgia)"]
[Date "2010.09.23"]
[Round "4"]
[White "Benidze Gigla (GEO)"]
[Black "Papadopoulos Panayotis (GRE)"]
[Result "1-0"]
[WhiteElo "1918"]
[BlackElo "2007"]

1.e4 c5 2.Nf3 Nc6 3.d4 cxd4 4.Nxd4 g6 5.c4 Nf6 6.Nc3 Bg7 7.Be3 Ng4 8.Qxg4 Nxd4
9.Qd1 Ne6 10.Be2 Bxc3+ 11.bxc3 Qa5 12.O-O Qxc3 13.Rc1 Qe5 14.Qc2 g5 15.Rfd1 b6
16.c5 bxc5 17.Rd5 Qc7 18.Qb2 Rg8 19.Bxc5 Nf4 20.Rf5 Nxe2+ 21.Qxe2 h6 22.Ba3
Qd8 23.Qc4 e6 24.Rc5 Bb7 25.Rc7 Rb8 26.Bd6 f6 27.Rb1 {#r} 1-0

[Event "Czech League 2010/11 (krajsky prebor)"]
[Site "masterchessopen.com Czech Republic"]
[Date "2010.10.10"]
[Round "1"]
[White "Taus Martin (CZE)"]
[Black "Langner Ladislav (CZE)"]
[Result "1-0"]
[WhiteElo "2090"]
[BlackElo "2367"]

1.d4 Nf6 2.c4 c5 3.Nf3 cxd4 4.Nxd4 g6 5.Nc3 Bg7 6.e4 Nc6 7.Be3 Ng4 8.Qxg4 Nxd4
9.Qd1 Ne6 10.Be2 Qa5 11.Qd2 b6 12.O-O Bb7 13.Rfd1 d6 14.Nd5 Qxd2 15.Rxd2 Rc8
16.Rad1 Nc5 17.f3 Na4 18.b3 Nc3 19.Nxc3 Bxc3 20.Rc2 Bb4 21.a3 Bc5 22.Bxc5 Rxc5
23.b4 Rc7 24.c5 bxc5 25.bxc5 Kd7 26.Bb5+ Bc6 27.cxd6 exd6 28.Rxc6 Rxc6 29.Rc1
Rc8 30.Kf2 a6 31.Ba4 {#r} 1-0

[Event "Czech League 2010/11 (2nd) (e)"]
[Site "masterchessopen.com Czech Republic"]
[Date "2010.10.17"]
[Round "1"]
[White "Danek Libor (CZE)"]
[Black "Petrik Petr (CZE)"]
[Result "1-0"]
[WhiteElo "2272"]
[BlackElo "1934"]

1.e4 c5 2.Nf3 Nc6 3.d4 cxd4 4.Nxd4 g6 5.c4 Bg7 6.Be3 Nf6 7.Nc3 Ng4 8.Qxg4 Nxd4
9.Qd1 Ne6 10.Qd2 O-O 11.Bh6 Bxh6 12.Qxh6 Qa5 13.h4 f5 14.O-O-O Qe5 15.h5 g5
16.Nd5 Rf7 17.exf5 Qg7 18.Qxg7+ Nxg7 19.g4 e6 20.Nc7 Rb8 21.h6 d5 22.hxg7 Rxc7
23.f6 e5 24.Bd3 Bxg4 25.Rxh7 Rbc8 26.Bg6 Rxc4+ 27.Kb1 {#r} 1-0

[Event "Tournament \"]
[Site "masterchessopen.com St. Petersburg (Russia)"]
[Date "2010.10.18"]
[Round "3"]
[White "Egorova Ekaterina (RUS)"]
[Black "Revidovich Alexander (RUS)"]
[Result "1-0"]
[WhiteElo "2092"]
[BlackElo "2030"]

1.e4 c5 2.Nf3 Nc6 3.d4 cxd4 4.Nxd4 g6 5.c4 Bg7 6.Be3 Nf6 7.Nc3 Ng4 8.Qxg4 Nxd4
9.Qd1 e5 10.Bd3 O-O 11.O-O b6 12.Qd2 Re8 13.Nd5 d6 14.f4 f5 15.fxe5 fxe4
16.Bxe4 dxe5 17.Bxd4 exd4 18.Nf6+ Bxf6 19.Bxa8 Be6 20.Bc6 Bg5 21.Qd3 Be3+
22.Kh1 Re7 23.Rae1 Qc7 24.Bd5 Bxd5 25.cxd5 Re5 26.Qa3 Qb8 27.d6 Rd5 28.Rf6 Kg7
29.Ref1 d3 30.Rf7+ Kh6 31.d7 Bc5 32.Qc3 d2 33.Qg7+ Kg5 34.Qf6+ Kg4 35.Qf3+
{#r} 1-0

[Event "Tournament (Elo)"]
[Site "masterchessopen.com Egypt"]
[Date "2010.12.24"]
[Round "4"]
[White "Abdel Ghany Khaled (EGY)"]
[Black "Toson Ashraf (EGY)"]
[Result "0-1"]
[WhiteElo "2133"]
[BlackElo "2116"]

1.e4 c5 2.Nf3 Nc6 3.d4 cxd4 4.Nxd4 g6 5.c4 Bg7 6.Be3 Nf6 7.Nc3 Ng4 8.Qxg4 Nxd4
9.Qd1 Nc6 10.Qd2 Qa5 11.Be2 d6 12.h3 O-O 13.h4 f5 14.exf5 Bxf5 15.h5 Rf7
16.Bf3 Ne5 17.Be2 Rc8 18.hxg6 Bxg6 19.b4 Nxc4 20.Bxc4 Rxc4 21.bxa5 Bxc3
22.Qxc3 Rxc3 23.Bxa7 Rf5 24.Bb6 Rg5 25.O-O Kf7 26.f3 e5 27.Rad1 Ke6 28.Rfe1
Rxf3 29.Bc7 Rd3 30.Rxd3 Bxd3 {#R} 0-1

[Event "Memorial Amitan (cat.8)"]
[Site "masterchessopen.com Donetsk (Ukraine)"]
[Date "2010.12.25"]
[Round "8"]
[White "Savchenko Stanislav (UKR)"]
[Black "Demkovich Anatoliy (UKR)"]
[Result "1-0"]
[WhiteElo "2539"]
[BlackElo "2404"]

1.Nf3 g6 2.c4 Bg7 3.e4 c5 4.d4 cxd4 5.Nxd4 Nc6 6.Be3 Nf6 7.Nc3 Ng4 8.Qxg4 Nxd4
9.Qd1 e5 10.Bd3 O-O 11.O-O d6 12.Ne2 Be6 13.Qd2 Re8 14.Rac1 a6 15.Bb1 Nxe2+
16.Qxe2 Qa5 17.Rfd1 Rec8 18.Rxd6 Bxc4 {#r} 1-0

[Event "It (open) \"]
[Site "masterchessopen.com Krakow (Poland)"]
[Round "9"]
[White "Gora Jan (POL)"]
[Black "Koloczek Henryk (POL)"]
[Result "1-0"]
[WhiteElo "1912"]
[BlackElo "1767"]

1.e4 c5 2.Nf3 g6 3.d4 cxd4 4.Nxd4 Nc6 5.c4 Nf6 6.Nc3 Bg7 7.Be3 Ng4 8.Qxg4 Nxd4
9.Qd1 Ne6 10.Qd2 Qa5 11.Be2 d6 12.O-O Bd7 13.Rac1 Bc6 14.f3 O-O 15.Rfd1 Rfe8
16.b3 Rac8 17.Nd5 Qxd2 18.Rxd2 b6 19.b4 Nc7 20.c5 bxc5 21.bxc5 dxc5 22.Nxc7
Rxc7 23.Rxc5 Rec8 24.Rdc2 Rb8 25.Rxc6 {#r} 1-0

[Event "Ch City (open)"]
[Site "masterchessopen.com Berdsk (Russia)"]
[Date "2011.01.05"]
[Round "4"]
[White "Bobko Ekaterina (RUS)"]
[Black "Latyev Yury (RUS)"]
[Result "0-1"]
[WhiteElo "2035"]
[BlackElo "2105"]

1.e4 c5 2.Nf3 g6 3.d4 cxd4 4.Nxd4 Nc6 5.c4 Bg7 6.Be3 Nf6 7.Nc3 Ng4 8.Qxg4 Nxd4
9.Qd1 Ne6 10.Qd2 d6 11.Bh6 O-O 12.Bxg7 Kxg7 13.Be2 Bd7 14.h4 Qa5 15.f4 Rfc8
16.h5 f6 17.hxg6 hxg6 18.e5 fxe5 19.fxe5 Rh8 20.O-O-O Qxe5 21.Nd5 Qg5 22.Qxg5
Nxg5 23.Rxh8 Rxh8 24.Nxe7 Re8 25.Nxg6 Rxe2 26.Nf4 Re4 27.Nh5+ Kf7 28.b3 Ke7
29.Ng3 Re5 30.Kb2 Re3 {#R} 0-1

[Event "It (cat.3)"]
[Site "masterchessopen.com Los Angeles (USA)"]
[Date "2011.02.27"]
[Round "9"]
[White "Stopa Jacek (POL)"]
[Black "Troff Kayden W (USA)"]
[Result "1-0"]
[WhiteElo "2482"]
[BlackElo "2306"]

1.Nf3 c5 2.c4 Nc6 3.d4 cxd4 4.Nxd4 g6 5.e4 Bg7 6.Be3 Nf6 7.Nc3 Ng4 8.Qxg4 Nxd4
9.Qd1 Ne6 10.Rc1 Qa5 11.Bd3 b6 12.O-O Bb7 13.Bd2 Qc5 14.Nd5 d6 15.b4 Qc8 16.f4
Qd7 17.f5 gxf5 18.Rxf5 Nd4 19.Rf2 b5 20.Bc3 Be5 21.Bf1 Bxd5 22.cxd5 Rc8
23.Bxd4 Rxc1 24.Qxc1 Bxd4 25.Bxb5 {#r} 1-0

[Event "Extraliga 2010/11 (juniors)"]
[Site "masterchessopen.com Czech Republic"]
[Date "2011.04.17"]
[Round "11"]
[White "Konvicka Martin"]
[Black "Kaluzny Matyas"]
[Result "1-0"]
[WhiteElo "1000"]
[BlackElo "1776"]

1.e4 c5 2.Nf3 Nc6 3.d4 cxd4 4.Nxd4 g6 5.c4 Bg7 6.Be3 Nf6 7.Nc3 Ng4 8.Qxg4 Nxd4
9.Qd1 e5 10.Qd2 d6 11.Bd3 Be6 12.O-O Rc8 13.b3 Qd7 14.Rac1 O-O 15.Rfd1 Bg4
16.Be2 h5 17.f3 Be6 18.Bxd4 exd4 19.Nb5 Kh7 20.Rc2 Bh6 21.Qd3 d5 22.cxd5 Rxc2
23.Qxc2 Be3+ 24.Kh1 Rc8 25.dxe6 fxe6 26.Qd3 e5 27.Qxe3 {#r} 1-0

[Event "Ch Germany (juniors) (Internet) (under 18) (qual1)"]
[Site "masterchessopen.com Internet"]
[Date "2011.05.01"]
[Round "3"]
[White "Titgemeyer Sven (GER)"]
[Black "Moehn Hans (GER)"]
[Result "0-1"]
[WhiteElo "1997"]
[BlackElo "2064"]

1.e4 c5 2.Nf3 Nc6 3.d4 cxd4 4.Nxd4 g6 5.c4 Bg7 6.Be3 Nf6 7.Nc3 Ng4 8.Qxg4 Nxd4
9.O-O-O Nc6 10.Nd5 e6 11.Nf4 Qa5 12.Kb1 Nb4 13.a3 Nc6 14.h4 h5 15.Qe2 a6 16.f3
Rb8 17.g4 hxg4 18.fxg4 b5 19.c5 b4 20.Bd2 Qxc5 21.Nd3 bxa3 22.Nxc5 Rxb2+
23.Kc1 a2 24.Nb3 Rxb3 25.Kc2 Nd4+ {#R} 0-1

[Event "Tournament (open) \"]
[Site "masterchessopen.com Athens (Greece)"]
[Date "2011.05.03"]
[Round "7"]
[White "Kourkoulos-Arditis Stamatis (GRE)"]
[Black "Ntatsis Georgios (GRE)"]
[Result "1-0"]
[WhiteElo "2129"]
[BlackElo "2039"]

1.e4 c5 2.Nf3 Nc6 3.d4 cxd4 4.Nxd4 g6 5.c4 Bg7 6.Be3 Nf6 7.Nc3 Ng4 8.Qxg4 Nxd4
9.Qd1 Ne6 10.Qd2 Qa5 11.Be2 b6 12.Rb1 Bb7 13.b4 Qe5 14.Rc1 g5 15.O-O h5
16.Rfd1 d6 17.Nd5 h4 18.h3 Bc6 19.c5 dxc5 20.bxc5 Ba4 21.cxb6 axb6 22.Nxb6 Rd8
23.Qxd8+ Nxd8 24.Rxd8+ {#r} 1-0

[Event "It (open)"]
[Site "masterchessopen.com Nis (Serbia)"]
[Date "2011.05.29"]
[Round "5"]
[White "Djordjevic Lazar (SRB)"]
[Black "Stojanovic Ivan (SRB)"]
[Result "0-1"]
[WhiteElo "1612"]
[BlackElo "2132"]

1.e4 c5 2.Nf3 Nc6 3.d4 cxd4 4.Nxd4 g6 5.c4 Bg7 6.Be3 Nf6 7.Nc3 Ng4 8.Qxg4 Nxd4
9.Bxd4 Bxd4 10.Qf3 Qb6 11.Rb1 O-O 12.Nd5 Qa5+ 13.b4 Qd8 14.Be2 f5 15.O-O e6
16.exf5 Rxf5 17.Qe4 Bg7 18.Ne3 Rf7 19.Rbd1 Qf8 20.c5 Rf4 21.Qb1 b6 22.g3 Rf7
23.Qe4 Rb8 24.Nc4 bxc5 25.Nd6 Rxb4 26.Nxf7 Rxe4 {#R} 0-1

[Event "It (open)"]
[Site "masterchessopen.com Gatwick (England)"]
[Date "2011.06.19"]
[Round "3"]
[White "Rausis Igors (CZE)"]
[Black "Pace Colin (MLT)"]
[Result "1-0"]
[WhiteElo "2497"]
[BlackElo "2156"]

1.Nf3 g6 2.e4 c5 3.d4 cxd4 4.Nxd4 Nc6 5.c4 Bg7 6.Be3 Nf6 7.Nc3 Ng4 8.Qxg4 Nxd4
9.Qd1 e5 10.h4 d6 11.h5 Be6 12.Bd3 Rc8 13.Qa4+ Qd7 14.Qxd7+ Kxd7 15.b3 a6
16.Kd2 Bf6 17.Rac1 Rcg8 18.g3 Bd8 19.b4 Bb6 20.Nd5 Bxd5 21.exd5 Rc8 22.Be4 f5
23.Bg2 Rhe8 24.hxg6 hxg6 25.Rh6 a5 26.c5 dxc5 27.Rxg6 f4 28.Bxd4 {#r} 1-0

[Event "Memorial M.Najdorf (open)"]
[Site "masterchessopen.com Warsaw (Poland)"]
[Date "2011.07.21"]
[Round "7"]
[White "Czarnota Pawel (POL)"]
[Black "Staniszewski Piotr (POL)"]
[Result "1-0"]
[WhiteElo "2554"]
[BlackElo "2423"]

1.c4 c5 2.Nf3 g6 3.d4 cxd4 4.Nxd4 Bg7 5.e4 Nc6 6.Be3 Nf6 7.Nc3 Ng4 8.Qxg4 Nxd4
9.Qd1 Ne6 10.Qd2 Qa5 11.Rc1 b6 12.Be2 Bb7 13.f3 g5 14.O-O d6 15.Rfd1 Be5 16.c5
bxc5 17.Bxg5 Nxg5 18.Qxg5 c4 19.Nd5 Bxd5 20.exd5 Qb6+ 21.Kh1 Qxb2 22.Bxc4 Rb8
23.Qf5 Qf2 24.Bb5+ Kf8 25.Rc8+ Rxc8 26.Qxc8+ Kg7 27.Qg4+ Kf6 28.f4 Bxf4 29.Rf1
{#r} 1-0

[Event "It (open)"]
[Site "masterchessopen.com Dresden (Germany)"]
[Date "2011.08.14"]
[Round "9"]
[White "Stabolewski Andreas (GER)"]
[Black "Kaiser Elmar (GER)"]
[Result "1-0"]
[WhiteElo "2267"]
[BlackElo "2147"]

1.c4 c5 2.Nf3 Nc6 3.d4 cxd4 4.Nxd4 g6 5.e4 Bg7 6.Be3 Nf6 7.Nc3 Ng4 8.Qxg4 Nxd4
9.Qd1 e5 10.Bd3 O-O 11.O-O d6 12.Nb5 Nxb5 13.cxb5 d5 14.exd5 Qxd5 15.Be2 Qxd1
16.Rfxd1 Bf5 17.g4 Be6 18.Bf3 e4 19.Bxe4 Bxb2 20.Bxb7 Bxa1 21.Rxa1 Bxg4 22.Rc1
Be2 23.Bxa8 Rxa8 24.a4 a6 25.b6 Rb8 26.Kg2 h5 27.Rc7 Bg4 28.b7 {#r} 1-0

[Event "Memorial M.Botvinnik (seniors) (active)"]
[Site "masterchessopen.com Suzdal (Russia)"]
[Date "2011.08.18"]
[Round "8"]
[White "Ivkov Borislav (SRB)"]
[Black "Taimanov Mark E (RUS)"]
[Result "1-0"]
[WhiteElo "2416"]
[BlackElo "2386"]

1.Nf3 c5 2.c4 Nc6 3.d4 cxd4 4.Nxd4 Nf6 5.Nc3 g6 6.e4 Bg7 7.Be3 Ng4 8.Qxg4 Nxd4
9.Qd1 Ne6 10.Qd2 d6 11.Rc1 O-O 12.Be2 Nc5 13.f3 f5 14.exf5 gxf5 15.O-O Be6
16.b3 Qe8 17.Rfe1 a6 18.Bf1 Qf7 19.Nd5 Rac8 20.Bg5 Rfe8 21.b4 Nd7 22.Rxe6 Qxe6
23.Re1 Be5 24.f4 Qf7 25.fxe5 dxe5 26.c5 e6 27.Nc3 b5 28.a4 Rb8 29.axb5 axb5
30.Qd6 Qg7 31.c6 Nf8 32.c7 Rbc8 33.Bd8 f4 34.Bxb5 {#r} 1-0

[Event "It (open) \"]
[Site "masterchessopen.com Bol (Croatia)"]
[Date "2011.09.14"]
[Round "6"]
[White "Dulic Grgur (CRO)"]
[Black "Saradjen Janko (SLO)"]
[Result "1-0"]
[WhiteElo "2251"]
[BlackElo "2133"]

1.e4 c5 2.Nf3 Nc6 3.d4 cxd4 4.Nxd4 g6 5.c4 Bg7 6.Be3 Nf6 7.Nc3 Ng4 8.Qxg4 Nxd4
9.Qd1 Ne6 10.Qd2 Qa5 11.Rc1 b6 12.Be2 Bb7 13.f3 g5 14.O-O Bc6 15.Rfd1 Bxc3
16.Rxc3 Rg8 17.a3 Qe5 18.b4 d6 19.c5 Ba4 20.cxb6 axb6 21.Rdc1 Bd7 22.Bxb6 Nf4
23.Bf1 Ne6 24.Bc4 Rb8 25.Ba7 Ra8 26.Be3 Rg6 27.Qd5 Qxd5 28.Bxd5 Ra4 29.b5 Bxb5
30.Rb1 Ra5 31.Rxb5 Rxb5 32.Bc6+ Kf8 33.Bxb5 Nf4 34.a4 {#r} 1-0

[Event "Tournament (Elo) \"]
[Site "masterchessopen.com Warsaw (Poland)"]
[Date "2011.10.06"]
[Round "3"]
[White "Prus Marek (POL)"]
[Black "Worobiej Daniel"]
[Result "0-1"]
[WhiteElo "1782"]
[BlackElo "1800"]

1.e4 c5 2.Nf3 g6 3.d4 cxd4 4.Nxd4 Bg7 5.c4 Nc6 6.Be3 Nf6 7.Nc3 Ng4 8.Qxg4 Nxd4
9.O-O-O Nc6 10.f4 Qa5 11.Rd5 Qa6 12.e5 Nb4 13.a3 Nxd5 14.cxd5 Qa5 15.Bc4 d6
16.Qe2 O-O 17.Bd4 Bd7 18.g4 Rac8 19.Kb1 Bxg4 20.Qxg4 Rxc4 21.Qd1 dxe5 22.fxe5
b5 23.Qd3 Rfc8 24.h4 b4 25.Na2 {#R} 0-1